00358 a2200109 4500001001000000005001700010008004100027245009900068100001900167773004500186999001700231ART_4663920260410162041.0260409a 10aLa clasificación arancelaria y el uso del Sistema GS1 en las declaraciones juradas aduaneras1 aSchurig, Harry0 tImpuestosg- N°30 (jun. 2018)wREV45175 c34870d34870